Normal view
MARC view
- Tsagourias, Nicholas
Entry Personal Name
001 - CONTROL NUMBER
- control field: 128399
003 - CONTROL NUMBER IDENTIFIER
- control field: NUST
005 - DATE AND TIME OF LATEST TRANSACTION
- control field: 20250318092331.0
008 - FIXED-LENGTH DATA ELEMENTS
- fixed length control field: 250318|| aca||aabn | a|a d
040 ## - CATALOGING SOURCE
- Original cataloging agency: NUST
- Transcribing agency: NUST
100 ## - HEADING--PERSONAL NAME
- Personal name: Tsagourias, Nicholas
670 ## - SOURCE DATA FOUND
- Source citation: Work cat.: (NUST)0: Tsagourias, Nicholas, author., International humanitarian law :
